Personnages de Malcolm par images - Statistiques

Statistiques générales
  • Ce quiz a été pris 762 fois
  • Le résultat moyen est 10 sur 16
Statistiques - réponses
Par images Réponse % Correct
Malcolm
99%
Reese
95%
Hal
92%
Francis
91%
Lois
85%
Dewey
84%
Stevie Kenarban
71%
Jamie
65%
Piama Tananahaakna
55%
Craig Feldspar
53%
Edwin Spangler
40%
Eric Hansen
36%
Abe Kenarban
33%
Cynthia
32%
Dabney Hooper
25%
Chad
21%
Aucun quiz correspondant
Distribution des résultats
% des personnes avec chaque résultat
Percentile par nombre de réponses
Votre historique - résultats
Vous n’avez pas pris ce quiz